INTRODUCTION to forest and renewable resources

Bibliographic Details
Other Authors: Sharpe
Format: Book
Published: New York, USA : McGraw-Hill , 1996
Edition:6th ed.
Series:McGraw-Hill series in forest resources
Subjects:

MARC

LEADER 00000cam a2200000 7i4500
001 0000000156
005 20000711.0
020 0 0 |a 0070565678 
090 0 0 |a 634.9   |b INT 1996 
245 0 0 |a INTRODUCTION to forest and renewable resources   |c Grant W. Sharpe ... [et al] 
250 0 0 |a 6th ed. 
260 0 0 |a New York, USA :   |b McGraw-Hill ,   |c 1996 
300 |a xvii, 664 p. :   |b ill. ;   |c 24 cm. 
440 0 0 |a McGraw-Hill series in forest resources 
500 0 0 |a Includes index 
650 0 0 |a Forests and forestry 
650 0 0 |a Forests and forestry   |z United States 
700 0 1 |a Sharpe   |h Grant William 
999 |a 0000001338   |b Monograph   |c Open Shelf   |e Default branch